Catálogo
 En Linea

De Erato a Prometeo : (Registro nro. 30958)

Detalles MARC
000 -CABECERA
campo de control de longitud fija 00676nam a2200205 a 4500
001 - NÚMERO DE CONTROL
campo de control 000031466
003 - IDENTIFICADOR DEL NÚMERO DE CONTROL
campo de control DO-SdBNP
005 - FECHA Y HORA DE LA ÚLTIMA TRANSACCIÓN
campo de control 20210412103244.0
008 - DATOS DE LONGITUD FIJA--INFORMACIÓN GENERAL
campo de control de longitud fija 110627s19uu dr r 000 p spa d
040 ## - FUENTE DE LA CATALOGACIÓN
Centro catalogador/agencia de origen DO-SdBNP
Lengua de catalogación spa
Centro/agencia transcriptor BNPHU
082 ## - NÚMERO DE LA CLASIFICACIÓN DECIMAL DEWEY
Número de clasificación RD861.42
Número de documento/Ítem P438d
100 1# - ENTRADA PRINCIPAL--NOMBRE DE PERSONA
Nombre de persona Pérez Ortiz, R.
9 (RLIN) 2442
245 10 - MENCIÓN DE TÍTULO
Título De Erato a Prometeo :
Resto del título (Lirismo y tormento) /
Mención de responsabilidad, etc. R. Pérez Ortiz ; prólogo P. Landestoy Garrido.
260 ## - PUBLICACIÓN, DISTRIBUCIÓN, ETC.
Lugar de publicación, distribución, etc. Ciudad Trujillo, República Dominicana :
Nombre del editor, distribuidor, etc. [s.n.],
Fecha de publicación, distribución, etc. [19--].
300 ## - DESCRIPCIÓN FÍSICA
Extensión 145 p. ;
Dimensiones 15 cm.
590 ## - NOTA LOCAL (RLIN)
Nota local Inventariado, 2018/ YL
700 1# - PUNTO DE ACCESO ADICIONAL--NOMBRE DE PERSONA
Nombre de persona Landestoy Garrido, P.,
Término indicativo de función/relación pról.
9 (RLIN) 57861
910 ## - DATOS DE OPCIÓN DEL USUARIO (OCLC)
Datos de opción del usuario Validado. Control de calidad MFF
942 ## - ELEMENTOS DE PUNTO DE ACCESO ADICIONAL (KOHA)
Fuente del sistema de clasificación o colocación Dewey Decimal Classification
Tipo de ítem Koha Libro
Existencias
Estado de retiro Estado de pérdida Fuente del sistema de clasificación o colocación Restricciones de uso No para préstamo Código de colección Localización permanente Ubicación/localización actual Ubicación en estantería Fecha de adquisición Total de préstamos Signatura topográfica completa Código de barras Fecha visto por última vez Precio válido a partir de Tipo de ítem Koha Nota pública
    Dewey Decimal Classification Excluido de préstamo Excluido de préstamo Raros y valiosos Patrimonio Dominicano Biblioteca Nacional Pedro Henríquez Ureña Depósito 27.06.2011   BNPHU PD-RV RD861.42 P438d 31466-10 25.06.2020 25.06.2020 Libro Perteneció a la biblioteca personal de Julio Ortega Frier.

Con tecnología Koha